[Event "Oslo CC-chB"]
[White "Graff, Joachim S"]
[Black "Kirkesola, Gitle"]
[Site "Oslo"]
[Round "4"]
[Result "0-1"]
[Date "2018.10.14"]
[WhiteElo "1258"]
[BlackElo "1529"]
[PlyCount "90"]
[EventDate "2018.09.06"]
[EventType "swiss"]
[EventRounds "9"]
[EventCountry "NOR"]
[SourceTitle "EXT 2024"]
[Source "ChessBase"]
[SourceDate "2023.10.10"]
[SourceVersion "1"]
[SourceVersionDate "2023.10.10"]
[SourceQuality "1"]

1. d4 Nf6 2. c4 e5 3. d5 Bc5 4. e3 d6 5. Be2 0-0 6. Nf3 Bg4 7. 0-0 Nbd7 8. h3 Bh5 9. Nc3 a6 10. Qc2 Qe7 11. Na4 Ba7 12. b4 Bg6 13. Qc3 Ne4 14. Qb2 f5 15. Nd2 Ndf6 16. b5 axb5 17. cxb5 Nxd5 18. Nxe4 fxe4 19. Bc4 c6 20. Nc3 Kh8 21. Nxd5 cxd5 22. Bxd5 Bc5 23. Bd2 Rac8 24. Rac1 b6 25. Bb4 Qg5 26. a4 Bf5 27. Bxc5 Bxh3 28. Bxe4 bxc5 29. Bd5 Rf6 30. b6 Qg6 31. b7 Rb8 32. a5 e4 33. Bxe4 Qxe4 34. f3 Qxe3+ 35. Rf2 Rg6 36. g4 h5 37. a6 hxg4 38. a7 gxf3+ 39. Kh2 Qf4+ 40. Kh1 Bg2+ 41. Kg1 Qh4 42. axb8Q+ Kh7 43. Rxg2 Qd4+ 44. Qf2 Rxg2+ 45. Kf1 Qxf2# 0-1

[Event "Oslo CC-chB"]
[White "Kirkesola, Gitle"]
[Black "Hansen, Trond Inge"]
[Site "Oslo"]
[Round "1"]
[Result "0-1"]
[Date "2018.09.06"]
[WhiteElo "1529"]
[BlackElo "1094"]
[PlyCount "94"]
[EventDate "2018.09.06"]
[EventType "swiss"]
[EventRounds "9"]
[EventCountry "NOR"]
[SourceTitle "EXT 2024"]
[Source "ChessBase"]
[SourceDate "2023.10.10"]
[SourceVersion "1"]
[SourceVersionDate "2023.10.10"]
[SourceQuality "1"]

1. e4 c5 2. Nf3 d6 3. d4 cxd4 4. Nxd4 Nf6 5. Nc3 a6 6. h3 g6 7. Be3 Bg7 8. Bd3 0-0 9. Qd2 Re8 10. f4 Qc7 11. 0-0-0 Nbd7 12. g4 Nc5 13. Rdg1 b5 14. e5 Nxd3+ 15. Qxd3 dxe5 16. fxe5 Qxe5 17. Nf3 Qc7 18. Rf1 Be6 19. Qd2 b4 20. Na4 Ne4 21. Qh2 Qc6 22. b3 Rac8 23. Bd4 Ng3 24. Bxg7 Nxf1 25. Rxf1 Kxg7 26. h4 Bxg4 27. Ne5 Qe6 28. Rxf7+ Kg8 29. Qf4 Rf8 30. Qxg4 Qxe5 31. Rxf8+ Rxf8 32. Qc4+ Kh8 33. Nb2 a5 34. Nd3 Qf5 35. Qd4+ Qf6 36. Ne5 Qf4+ 37. Qxf4 Rxf4 38. Nc6 Rf5 39. Nxe7 Rh5 40. Nc6 Rxh4 41. Nxa5 h5 42. Kd2 Rf4 43. Nc4 h4 44. Ne3 h3 45. Nd5 Rd4+ 46. Ke3 Rxd5 47. Kf2 Rg5 0-1

[Event "Oslo-ch"]
[White "Johnsen, John Kristian"]
[Black "Kirkesola, Gitle"]
[Site "Oslo"]
[Round "6"]
[Result "1-0"]
[Date "2017.??.??"]
[WhiteElo "1807"]
[BlackElo "1582"]
[PlyCount "49"]
[EventDate "2017.08.16"]
[EventType "swiss"]
[EventRounds "9"]
[EventCountry "NOR"]
[SourceTitle "EXT 2024"]
[Source "ChessBase"]
[SourceDate "2023.10.10"]
[SourceVersion "1"]
[SourceVersionDate "2023.10.10"]
[SourceQuality "1"]

1. Nf3 d5 2. d4 Nf6 3. g3 Nc6 4. Bg2 Bf5 5. 0-0 e6 6. c4 dxc4 7. Nc3 Be7 8. Re1 0-0 9. e4 Bg6 10. d5 Nb4 11. Ne5 b5 12. Nxg6 hxg6 13. dxe6 fxe6 14. Nxb5 Qxd1 15. Rxd1 Ng4 16. f3 Bc5+ 17. Kf1 Nxh2+ 18. Ke2 Nc2 19. Rb1 a6 20. Nxc7 Nd4+ 21. Rxd4 Bxd4 22. Nxe6 Bb6 23. Nxf8 Rxf8 24. Be3 Bc7 25. Bf2 1-0

[Event "NOR-chB"]
[White "Kirkesola, Gitle"]
[Black "Eiken, Gunnar"]
[Site "Stavanger"]
[Round "3"]
[Result "0-1"]
[Date "2005.07.04"]
[WhiteElo "1360"]
[BlackElo "1470"]
[PlyCount "40"]
[EventDate "2005.07.01"]
[EventType "swiss"]
[EventRounds "9"]
[EventCountry "NOR"]
[SourceTitle "CBM 107 Extra"]
[Source "ChessBase"]
[SourceDate "2005.09.01"]
[SourceVersion "1"]
[SourceVersionDate "2005.09.01"]
[SourceQuality "1"]

1. e4 e5 2. f4 exf4 3. Nf3 Nc6 4. Bc4 d6 5. 0-0 Bg4 6. d4 g5 7. Qd3 Bxf3 8. Rxf3 Bg7 9. c3 Qe7 10. Nd2 Nf6 11. b4 0-0 12. Rh3 g4 13. Rh4 Rae8 14. e5 dxe5 15. Ne4 Nxe4 16. Rxh7 Kxh7 17. Qxe4+ f5 18. Qc2 Qh4 19. Bd2 g3 20. h3 f3 0-1